00275nam a22001097a 4500008004100000050002300041100001400064245002600078300001900104500001800123650002400141190716b xxu||||| |||| 00| 0 eng d aG76.5 .A33 M5 1984 aW.J MINUS aA geography of Africa a193pgs,c24cm. ainclude Index 2geography of africa